[Event "Berlin Lichtenberger op 18th"]
[Site "Berlin"]
[Date "2019.08.25"]
[Round "9"]
[White "Moeller, Jared William"]
[Black "Jess, Arne"]
[Result "1/2-1/2"]
[WhiteElo "1693"]
[BlackElo "1842"]
[PlyCount "75"]
[EventDate "2019.08.17"]
[EventType "swiss"]
[EventRounds "9"]
[EventCountry "GER"]
[SourceTitle "EXT 2020"]
[Source "ChessBase"]
[SourceDate "2019.10.17"]
[SourceVersion "1"]
[SourceVersionDate "2019.10.17"]
[SourceQuality "1"]

1. e4 c5 2. Nf3 d6 3. d4 cxd4 4. Nxd4 Nf6 5. Nc3 g6 6. Be3 Bg7 7. f3 0-0 8. Qd2 Nc6 9. Bc4 Bd7 10. 0-0-0 Rb8 11. Nxc6 bxc6 12. Bh6 Qb6 13. Bb3 Bxh6 14. Qxh6 c5 15. Qe3 Rfc8 16. Qe2 c4 17. Bxc4 Qxb2+ 18. Kd2 Qa3 19. Bb3 Qb4 20. Qe3 Rc7 21. Rb1 Qa5 22. Bxf7+ Kxf7 23. Rxb8 e5 24. Qd3 d5 25. exd5 Bf5 26. Qe3 Nxd5 27. Qxe5 Qxc3+ 28. Qxc3 Nxc3 29. g4 Be6 30. a3 Nd5 31. h4 Nb6 32. Rb1 Bd5 33. Kd3 Kg7 34. f4 Rc4 35. Re1 Rc7 36. Rbe8 Kf7 37. Rh8 Kg7 38. Rhe8 1/2-1/2

[Event "Berlin Lichtenberger op 18th"]
[Site "Berlin"]
[Date "2019.08.21"]
[Round "5"]
[White "Scheide, Helmut"]
[Black "Moeller, Jared William"]
[Result "1/2-1/2"]
[WhiteElo "1921"]
[BlackElo "1693"]
[PlyCount "63"]
[EventDate "2019.08.17"]
[EventType "swiss"]
[EventRounds "9"]
[EventCountry "GER"]
[SourceTitle "EXT 2020"]
[Source "ChessBase"]
[SourceDate "2019.10.17"]
[SourceVersion "1"]
[SourceVersionDate "2019.10.17"]
[SourceQuality "1"]

1. Nf3 Nf6 2. d4 e6 3. c4 c5 4. e3 d5 5. Nc3 Nc6 6. a3 cxd4 7. exd4 a6 8. b3 Be7 9. Bd3 dxc4 10. Bxc4 b5 11. Bd3 Bb7 12. 0-0 Rc8 13. Bb2 0-0 14. Re1 Bd6 15. Ne4 Nxe4 16. Bxe4 Na5 17. Bxb7 Nxb7 18. Qe2 Bb8 19. Rad1 Qd5 20. Rd3 Na5 21. Qd1 Nc6 22. Bc1 b4 23. Ne5 Nxe5 24. dxe5 Qb5 25. Rh3 Rc3 26. Be3 g6 27. axb4 Rd3 28. Qe2 Rxb3 29. Qxb5 axb5 30. Bc5 Rxh3 31. gxh3 Rd8 32. Re2 1/2-1/2

[Event "GER-chT North U12"]
[Site "Magdeburg"]
[Date "2012.09.06"]
[Round "1.1"]
[White "Moeller, Jared William"]
[Black "Wurst, Maximilian"]
[Result "1/2-1/2"]
[WhiteElo "1240"]
[BlackElo "1005"]
[PlyCount "40"]
[EventDate "2012.09.06"]
[EventType "team-swiss"]
[EventRounds "7"]
[EventCountry "GER"]
[SourceTitle "EXT 2015"]
[Source "ChessBase"]
[SourceDate "2014.11.20"]
[SourceVersion "1"]
[SourceVersionDate "2014.11.20"]
[SourceQuality "1"]
[WhiteTeam "Ruedersdorf"]
[BlackTeam "Rostock"]
[WhiteTeamCountry "GER"]
[BlackTeamCountry "GER"]

1. e4 c5 2. Nf3 d6 3. Nc3 g6 4. Bc4 Bg4 5. d3 Nc6 6. h3 Bxf3 7. Qxf3 Nf6 8. Bg5 Nd4 9. Qd1 a6 10. Nd5 Nxd5 11. Bxd5 Rb8 12. c3 Nb5 13. Qb3 Bg7 14. Bxf7+ Kf8 15. a4 Nc7 16. h4 h6 17. Be3 e5 18. Bxg6 Qf6 19. Bf5 b6 20. c4 a5 1/2-1/2